21st Century Power 5 Conference Champions - Statistics

General Stats
  • This quiz has been taken 41 times
    22 since last reset
  • The average score is 27 of 31
Answer Stats
Answer % Correct
Alabama
100%
Arizona State
100%
Clemson
100%
Florida
100%
Georgia
100%
LSU
100%
Michigan
100%
Ohio State
100%
Oklahoma
100%
Oregon
100%
Texas
100%
USC
100%
Washington
100%
Florida State
92%
Michigan State
92%
Oklahoma State
92%
Baylor
85%
Colorado
85%
Iowa
85%
Kansas State
85%
Penn State
85%
Stanford
85%
Utah
85%
Virginia Tech
85%
Auburn
77%
Georgia Tech
77%
Wisconsin
77%
Illinois
69%
Pittsburgh
54%
Wake Forest
54%
Maryland
46%
No matching quizzes found
Score Distribution
Percent of People with Each Score
Percentile by Number Answered
Your Score History
You have not taken this quiz since the last reset